[Event "DFMM-LV"]
[Site "Braunfels"]
[Date "2013.05.30"]
[Round "1.1"]
[White "Kashlinskaya, Alina"]
[Black "Kaulfuss, Christa"]
[Result "1-0"]
[WhiteElo "2329"]
[BlackElo "1861"]
[PlyCount "67"]
[EventDate "2013.05.30"]
[EventType "team-swiss"]
[EventCountry "GER"]
[WhiteTeam "Wuerttemberg"]
[BlackTeam "Hessen II"]
[WhiteTeamCountry "GER"]
[BlackTeamCountry "GER"]

1. d4 Nc6 2. Nf3 d6 3. g3 Nf6 4. Bg2 e6 5. c4 Be7 6. Nc3 O-O 7. O-O d5 8. b3 a6
9. Bb2 Re8 10. Rc1 Bf8 11. Ne5 Ne7 12. e4 dxe4 13. Nxe4 Nxe4 14. Bxe4 f6 15.
Nd3 Nf5 16. Nf4 c6 17. Qd3 g6 18. Rcd1 Bh6 19. Qf3 Qe7 20. Rfe1 Bxf4 21. Qxf4
Nxd4 22. Bxd4 e5 23. Qf3 exd4 24. Bd5+ cxd5 25. Rxe7 Rxe7 26. Qxf6 Re4 27. Qd8+
Kg7 28. Qxd5 Re2 29. Qxd4+ Kh6 30. Qh4+ Kg7 31. Rd8 Bh3 32. Qd4+ Kh6 33. Qf4+
Kg7 34. Qf8# 1-0

[Event "DFMM-LV"]
[Site "Braunfels"]
[Date "2013.05.30"]
[Round "1.2"]
[White "Schneider, Sabrina"]
[Black "Gheng, Simona"]
[Result "0-1"]
[WhiteElo "1651"]
[BlackElo "2025"]
[PlyCount "54"]
[EventDate "2013.05.30"]
[EventType "team-swiss"]
[EventCountry "GER"]
[WhiteTeam "Hessen II"]
[BlackTeam "Wuerttemberg"]
[WhiteTeamCountry "GER"]
[BlackTeamCountry "GER"]

1. e4 c5 2. c4 d6 3. Nc3 Nc6 4. Nge2 Nd4 5. d3 g6 6. Nxd4 cxd4 7. Ne2 Bg7 8. g3
e6 9. Bg2 Ne7 10. f4 O-O 11. O-O e5 12. Bd2 f5 13. Qb3 Kh8 14. Rac1 fxe4 15.
Bxe4 Bg4 16. Bf3 Bxf3 17. Rxf3 Qd7 18. Kg2 Rac8 19. Bb4 d5 20. cxd5 Rxc1 21.
Nxc1 exf4 22. Ne2 fxg3 23. Rxf8+ Bxf8 24. hxg3 Nxd5 25. Bxf8 Ne3+ 26. Kg1 Qc6
27. Nf4 Qf3 0-1

[Event "DFMM-LV"]
[Site "Braunfels"]
[Date "2013.05.30"]
[Round "1.3"]
[White "Gusakovskaya, Yana"]
[Black "Henzelmann, Daria"]
[Result "1-0"]
[WhiteElo "2065"]
[BlackElo "1699"]
[PlyCount "37"]
[EventDate "2013.05.30"]
[EventType "team-swiss"]
[EventCountry "GER"]
[WhiteTeam "Wuerttemberg"]
[BlackTeam "Hessen II"]
[WhiteTeamCountry "GER"]
[BlackTeamCountry "GER"]

1. e4 c5 2. c3 d6 3. d4 cxd4 4. cxd4 a6 5. Nc3 Nf6 6. Nf3 e6 7. Bd3 Nc6 8. O-O
Qc7 9. Re1 b5 10. Bg5 Be7 11. Rc1 O-O 12. e5 dxe5 13. dxe5 Nd7 14. Nxb5 Qb6 15.
Rxc6 Qxc6 16. Bxe7 Re8 17. Nd6 Nc5 18. Bxh7+ Kxh7 19. Ng5+ 1-0

[Event "DFMM-LV"]
[Site "Braunfels"]
[Date "2013.05.30"]
[Round "1.4"]
[White "Hanka, Katrin"]
[Black "Zpevakova, Jana"]
[Result "0-1"]
[WhiteElo "1353"]
[BlackElo "1924"]
[PlyCount "58"]
[EventDate "2013.05.30"]
[EventType "team-swiss"]
[EventCountry "GER"]
[WhiteTeam "Hessen II"]
[BlackTeam "Wuerttemberg"]
[WhiteTeamCountry "GER"]
[BlackTeamCountry "GER"]

1. d4 Nf6 2. Nf3 d6 3. c4 Nbd7 4. Nc3 e5 5. d5 Be7 6. e4 Nc5 7. Nd2 a5 8. b3
O-O 9. Be2 Ne8 10. O-O f5 11. f4 exf4 12. exf5 Bf6 13. Bb2 Bxf5 14. Rxf4 Be5
15. Rf1 Qg5 16. Nf3 Qe3+ 17. Kh1 Bxc3 18. Bxc3 Qxc3 19. Nd4 Bg6 20. Rxf8+ Kxf8
21. Ne6+ Nxe6 22. dxe6 Qe5 23. Bg4 Nf6 24. Qf1 Ke7 25. Re1 Qd4 26. Bh3 Rf8 27.
Qe2 Ne4 28. Qe3 Qxe3 29. Rxe3 Rf1# 0-1

[Event "DFMM-LV"]
[Site "Braunfels"]
[Date "2013.05.30"]
[Round "1.5"]
[White "Zeller, Elisa"]
[Black "Hauk, Viktoria"]
[Result "1-0"]
[WhiteElo "1896"]
[BlackElo "1469"]
[PlyCount "51"]
[EventDate "2013.05.30"]
[EventType "team-swiss"]
[EventCountry "GER"]
[WhiteTeam "Wuerttemberg"]
[BlackTeam "Hessen II"]
[WhiteTeamCountry "GER"]
[BlackTeamCountry "GER"]

1. e4 e5 2. Nf3 Nc6 3. Bb5 Nge7 4. O-O d6 5. c3 a6 6. Ba4 b5 7. Bb3 Na5 8. Bc2
Ng6 9. b4 Nc4 10. a4 Bb7 11. Re1 c5 12. a5 cxb4 13. cxb4 d5 14. exd5 Bxd5 15.
Bxg6 Bxf3 16. Bxf7+ Kxf7 17. Qxf3+ Ke8 18. Na3 Nxa3 19. Rxe5+ Be7 20. Rxa3 Rc8
21. Rc3 Rf8 22. Qe2 Rxc3 23. dxc3 h6 24. Be3 Kf7 25. Bb6 Qd7 26. Rxe7+ 1-0

[Event "DFMM-LV"]
[Site "Braunfels"]
[Date "2013.05.30"]
[Round "1.6"]
[White "Schardt, Madeleine"]
[Black "Gabriel, Marina"]
[Result "0-1"]
[WhiteElo "1478"]
[BlackElo "1955"]
[PlyCount "82"]
[EventDate "2013.05.30"]
[EventType "team-swiss"]
[EventCountry "GER"]
[WhiteTeam "Hessen II"]
[BlackTeam "Wuerttemberg"]
[WhiteTeamCountry "GER"]
[BlackTeamCountry "GER"]

1. b3 d5 2. Bb2 c5 3. e3 Nf6 4. Nf3 e6 5. Be2 Bd6 6. O-O Nbd7 7. Na3 O-O 8. c4
b6 9. Nb5 Bb8 10. d4 Bb7 11. Rc1 a6 12. Nc3 Qc7 13. g3 dxc4 14. bxc4 Qc6 15. d5
exd5 16. cxd5 Nxd5 17. Nxd5 Qxd5 18. Qxd5 Bxd5 19. Rfd1 Bc6 20. Nd2 Be5 21. Rb1
b5 22. Bf3 Bxf3 23. Nxf3 Bxb2 24. Rxb2 Nb6 25. Ne5 f6 26. Nd7 Rfd8 27. Rbd2
Rxd7 28. Rxd7 Nxd7 29. Rxd7 Rc8 30. Kf1 c4 31. Ke1 b4 32. Kd1 a5 33. Kc2 a4 34.
Rd1 a3 35. Rb1 Rb8 36. h4 Kf7 37. e4 Ke6 38. f4 Kd6 39. g4 Kc5 40. g5 Kd4 41.
gxf6 gxf6 0-1

[Event "DFMM-LV"]
[Site "Braunfels"]
[Date "2013.05.30"]
[Round "1.7"]
[White "Weber, Sandra"]
[Black "Schneider, Stefanie"]
[Result "1/2-1/2"]
[WhiteElo "1766"]
[BlackElo "1207"]
[PlyCount "69"]
[EventDate "2013.05.30"]
[EventType "team-swiss"]
[EventCountry "GER"]
[WhiteTeam "Wuerttemberg"]
[BlackTeam "Hessen II"]
[WhiteTeamCountry "GER"]
[BlackTeamCountry "GER"]

1. e4 e5 2. Nf3 Nc6 3. Bb5 d6 4. h3 Nf6 5. d3 Be7 6. c3 O-O 7. O-O Bd7 8. Re1
a6 9. Ba4 b5 10. Bc2 Re8 11. Nbd2 Qc8 12. Nf1 h6 13. Ng3 Nh7 14. d4 exd4 15.
cxd4 Bf6 16. Bf4 Ng5 17. Nxg5 Bxg5 18. Bxg5 hxg5 19. Qd2 f6 20. Rad1 a5 21. Qe2
g6 22. Qf3 Kg7 23. Qe3 b4 24. Qd3 a4 25. e5 f5 26. Qd2 dxe5 27. dxe5 Nxe5 28.
Qxg5 Kf7 29. Qf4 Nc6 30. Rxe8 Qxe8 31. Qxc7 Ne5 32. f4 Rc8 33. Qxe5 Rxc2 34.
Qd5+ Be6 35. Qb7+ 1/2-1/2

[Event "DFMM-LV"]
[Site "Braunfels"]
[Date "2013.05.30"]
[Round "1.8"]
[White "Wallrabenstein, Sonja"]
[Black "Zpevakova, Katerina"]
[Result "0-1"]
[WhiteElo "1039"]
[BlackElo "1909"]
[PlyCount "82"]
[EventDate "2013.05.30"]
[EventType "team-swiss"]
[EventCountry "GER"]
[WhiteTeam "Hessen II"]
[BlackTeam "Wuerttemberg"]
[WhiteTeamCountry "GER"]
[BlackTeamCountry "GER"]

1. g3 Nf6 2. Bg2 c6 3. c4 g6 4. Nc3 Bg7 5. d3 d6 6. Bd2 O-O 7. Nf3 e5 8. O-O
Nbd7 9. a3 Ne8 10. b4 h6 11. Rb1 Nb6 12. Ne1 d5 13. c5 Nd7 14. Nc2 f5 15. Qc1
Kh7 16. Re1 Ndf6 17. e3 Nc7 18. d4 e4 19. Ne2 g5 20. f3 exf3 21. Bxf3 Ne4 22.
Nc3 Ne6 23. Nxe4 fxe4 24. Bg2 Qe7 25. Rf1 Bd7 26. Na1 Rxf1+ 27. Qxf1 Rf8 28.
Qe2 g4 29. Nb3 Ng5 30. Rf1 Nf3+ 31. Kh1 Qg5 32. Be1 Qh5 33. Bxf3 gxf3 34. Qf2
Bh3 35. Rg1 Bg2+ 36. Rxg2 fxg2+ 37. Qxg2 Qd1 38. Na5 Qxe1+ 39. Qg1 Rf1 40. h4
Rxg1+ 41. Kh2 Qxg3# 0-1

[Event "DFMM-LV"]
[Site "Braunfels"]
[Date "2013.05.30"]
[Round "1.1"]
[White "Zimmer, Elke"]
[Black "Jeske, Kirsten"]
[Result "1/2-1/2"]
[WhiteElo "1926"]
[BlackElo "1987"]
[PlyCount "82"]
[EventDate "2013.05.30"]
[EventType "team-swiss"]
[EventCountry "GER"]
[WhiteTeam "Saarland"]
[BlackTeam "Mecklenburg Vorpommern"]
[WhiteTeamCountry "GER"]
[BlackTeamCountry "GER"]

1. e4 e5 2. Nf3 Nf6 3. Nxe5 d6 4. Nf3 Nxe4 5. Bd3 Nc5 6. Qe2+ Be6 7. O-O Be7 8.
c3 Nc6 9. Bc2 d5 10. Ne5 Nxe5 11. Qxe5 Bf6 12. Qe2 Qd6 13. d4 Nd7 14. b3 O-O-O
15. a4 Rde8 16. Qd2 Bd8 17. Na3 c6 18. Qf4 Bc7 19. Qxd6 Bxd6 20. Bd3 h6 21. Nc2
f5 22. Ba3 Bxa3 23. Rxa3 g5 24. a5 h5 25. Nb4 Kc7 26. c4 Nf6 27. f3 f4 28. Bg6
Reg8 29. Bd3 Re8 30. Re1 Bf7 31. Raa1 Rxe1+ 32. Rxe1 Re8 33. Rxe8 Bxe8 34. c5
Bf7 35. Bf5 Ne8 36. Nc2 Ng7 37. Bd3 Be6 38. Kf2 Bf5 39. Ke2 Bxd3+ 40. Kxd3 h4
41. h3 Ne6 1/2-1/2

[Event "DFMM-LV"]
[Site "Braunfels"]
[Date "2013.05.30"]
[Round "1.3"]
[White "Noll, Sonja"]
[Black "Morosova, Svetlana"]
[Result "1/2-1/2"]
[WhiteElo "1844"]
[BlackElo "1652"]
[PlyCount "43"]
[EventDate "2013.05.30"]
[EventType "team-swiss"]
[EventCountry "GER"]
[WhiteTeam "Saarland"]
[BlackTeam "Mecklenburg Vorpommern"]
[WhiteTeamCountry "GER"]
[BlackTeamCountry "GER"]

1. e4 c5 2. Nf3 d6 3. Bc4 e6 4. Nc3 Nc6 5. O-O Nf6 6. d4 cxd4 7. Nxd4 a6 8. Bg5
Be7 9. Kh1 O-O 10. f4 Qc7 11. Nxc6 bxc6 12. Qe2 d5 13. exd5 cxd5 14. Bd3 Bb7
15. Rf3 h5 16. Rh3 g6 17. Qe5 Qd8 18. Bh6 Re8 19. Ne2 Kh7 20. Rxh5 Bd6 21. Bg5+
Nxh5 22. Qe3 1/2-1/2

[Event "DFMM-LV"]
[Site "Braunfels"]
[Date "2013.05.30"]
[Round "1.4"]
[White "Klinge, Sabina"]
[Black "Ramm, Madlen"]
[Result "1/2-1/2"]
[WhiteElo "1595"]
[BlackElo "1532"]
[PlyCount "55"]
[EventDate "2013.05.30"]
[EventType "team-swiss"]
[EventCountry "GER"]
[WhiteTeam "Mecklenburg Vorpommern"]
[BlackTeam "Saarland"]
[WhiteTeamCountry "GER"]
[BlackTeamCountry "GER"]

1. e4 d5 2. exd5 Qxd5 3. Nc3 Qd6 4. d4 Nf6 5. Nf3 c6 6. Be2 Bf5 7. O-O e6 8.
Re1 Be7 9. Ne5 O-O 10. Bf3 Nbd7 11. Nxd7 Qxd7 12. Bf4 Bb4 13. Re3 Rad8 14. Be5
Qe7 15. Qe2 Ba5 16. Rd1 Bb6 17. Be4 Ng4 18. Rf3 Nxe5 19. dxe5 Bg4 20. Bd3 Bxf3
21. Qxf3 Qb4 22. Ne4 Qxb2 23. Qg3 Rxd3 24. cxd3 Qxa2 25. Nf6+ Kh8 26. Nh5 Rg8
27. Qf3 Rf8 28. Qg3 1/2-1/2

[Event "DFMM-LV"]
[Site "Braunfels"]
[Date "2013.05.30"]
[Round "1.5"]
[White "Weinmann, Helene"]
[Black "Klinge, Alexandra"]
[Result "1-0"]
[WhiteElo "1681"]
[BlackElo "1568"]
[PlyCount "99"]
[EventDate "2013.05.30"]
[EventType "team-swiss"]
[EventCountry "GER"]
[WhiteTeam "Saarland"]
[BlackTeam "Mecklenburg Vorpommern"]
[WhiteTeamCountry "GER"]
[BlackTeamCountry "GER"]

1. d4 Nf6 2. Nf3 e6 3. Bf4 d5 4. e3 Be7 5. Bd3 Nbd7 6. Nbd2 O-O 7. c3 c5 8. Rc1
b6 9. e4 dxe4 10. Nxe4 Bb7 11. Nxf6+ Nxf6 12. dxc5 Bxc5 13. O-O Qc8 14. Qe2 Qc6
15. Bb5 Qe4 16. Qxe4 Bxe4 17. Ng5 Bb7 18. Rcd1 Nh5 19. Be3 Bxe3 20. fxe3 Nf6
21. Be2 Rad8 22. Bf3 Bxf3 23. Nxf3 Ng4 24. Rde1 Rd3 25. e4 h6 26. h3 Ne3 27.
Rf2 Nc4 28. b3 Nd6 29. c4 Nb7 30. Ne5 Rd6 31. Ree2 f6 32. Nf3 e5 33. Rd2 Rfd8
34. Rd5 Kf7 35. Rfd2 Ke6 36. Nh4 g5 37. Nf5 R6d7 38. Nxh6 Nc5 39. Re2 Na6 40.
a3 Nc7 41. Rxd7 Rxd7 42. Nf5 Na6 43. Re3 Nc5 44. Kf2 Rd8 45. Kf3 Rh8 46. b4 Nd7
47. Rd3 Rd8 48. Rd6+ Kf7 49. Rd5 Ke6 50. c5 1-0

[Event "DFMM-LV"]
[Site "Braunfels"]
[Date "2013.05.30"]
[Round "1.6"]
[White "Sadewasser, Lucie"]
[Black "Alt, Barbara"]
[Result "1-0"]
[WhiteElo "1513"]
[BlackElo "1212"]
[PlyCount "93"]
[EventDate "2013.05.30"]
[EventType "team-swiss"]
[EventCountry "GER"]
[WhiteTeam "Mecklenburg Vorpommern"]
[BlackTeam "Saarland"]
[WhiteTeamCountry "GER"]
[BlackTeamCountry "GER"]

1. e4 Nc6 2. d4 d5 3. e5 Bf5 4. Bb5 e6 5. Nf3 Be4 6. Nbd2 f5 7. Nxe4 dxe4 8.
Ng5 Qd7 9. Be3 Nge7 10. h4 Nd5 11. c4 Bb4+ 12. Bd2 e3 13. Bxb4 exf2+ 14. Kxf2
Ndxb4 15. a3 Nc2 16. Bxc6 bxc6 17. Qxc2 Qxd4+ 18. Kf1 Qf4+ 19. Nf3 O-O-O 20.
Qe2 Rd4 21. g3 Qe4 22. Qxe4 Rxe4 23. Rc1 Rd8 24. Kf2 Rd3 25. Rhe1 Rg4 26. Rg1
f4 27. gxf4 Rxf4 28. Rg3 Rdd4 29. Rxg7 Rd3 30. Rg3 Rb3 31. Rc2 Rd3 32. Kg2 Re4
33. Ng5 Rxg3+ 34. Kxg3 Rxe5 35. Nxh7 Re3+ 36. Kf4 Rh3 37. Kg4 Rh1 38. Ng5 e5
39. Re2 Rg1+ 40. Kf5 Rf1+ 41. Kxe5 Rf8 42. Rd2 Rh8 43. Rd4 c5 44. Rf4 Kb7 45.
Ne6 Kb6 46. Ng7 Rh6 47. Rf6+ 1-0

[Event "DFMM-LV"]
[Site "Braunfels"]
[Date "2013.05.30"]
[Round "1.7"]
[White "Tinnes, Marie Christine"]
[Black "Schuenemann, Anne"]
[Result "0-1"]
[WhiteElo "1116"]
[BlackElo "1356"]
[PlyCount "84"]
[EventDate "2013.05.30"]
[EventType "team-swiss"]
[EventCountry "GER"]
[WhiteTeam "Saarland"]
[BlackTeam "Mecklenburg Vorpommern"]
[WhiteTeamCountry "GER"]
[BlackTeamCountry "GER"]

1. d4 d5 2. Nf3 c6 3. g3 Nf6 4. Nbd2 Bf5 5. Bg2 Nbd7 6. O-O e6 7. a3 Be7 8. c4
O-O 9. b3 Qc7 10. Bb2 Rfe8 11. Re1 a6 12. e3 Ne4 13. Rc1 b5 14. cxd5 exd5 15.
b4 Rac8 16. Nxe4 Bxe4 17. Ne5 Nxe5 18. dxe5 Bxg2 19. Kxg2 Qd7 20. Qd4 f6 21.
Qb6 a5 22. Red1 axb4 23. axb4 Bxb4 24. exf6 Re6 25. Qd4 Re4 26. Qd3 gxf6 27.
Bxf6 Rf8 28. Qxe4 dxe4 29. Rxd7 Rxf6 30. Rd8+ Kg7 31. Rcd1 Rf7 32. R8d7 Kf6 33.
Rxf7+ Kxf7 34. Rd7+ Be7 35. Rd4 c5 36. Rd1 b4 37. Rb1 c4 38. Kf1 c3 39. Ke1 c2
40. Rc1 b3 41. Kd2 Bb4+ 42. Ke2 Ke6 0-1

[Event "DFMM-LV"]
[Site "Braunfels"]
[Date "2013.05.30"]
[Round "1.8"]
[White "Wagner, Swenja"]
[Black "Lassotta, Anja"]
[Result "1-0"]
[WhiteElo "1378"]
[BlackElo "878"]
[PlyCount "111"]
[EventDate "2013.05.30"]
[EventType "team-swiss"]
[EventCountry "GER"]
[WhiteTeam "Mecklenburg Vorpommern"]
[BlackTeam "Saarland"]
[WhiteTeamCountry "GER"]
[BlackTeamCountry "GER"]

1. e4 e5 2. Nc3 Nc6 3. Bc4 Nf6 4. d3 d6 5. Nge2 Be7 6. f4 Be6 7. Bb3 Bxb3 8.
axb3 O-O 9. f5 d5 10. Ng3 dxe4 11. Ncxe4 Nxe4 12. Nxe4 Nd4 13. Rf1 f6 14. Be3
Qd7 15. g4 a5 16. c3 Nb5 17. Qd2 Nd6 18. Nc5 Qc6 19. Ne6 Rf7 20. b4 b6 21. c4
axb4 22. Rxa8+ Qxa8 23. Nxc7 Qa1+ 24. Ke2 Qa5 25. Nd5 Bd8 26. Qxb4 Qxb4 27.
Nxb4 e4 28. Nd5 exd3+ 29. Kxd3 Nc8 30. Ra1 Rd7 31. Kc3 b5 32. Ra8 Nd6 33. Nb6
Nxc4 34. Nxd7 Nxe3 35. Rxd8+ Kf7 36. Rb8 Ke7 37. Nc5 Kd6 38. Kb4 Nxg4 39. Rb7
g5 40. Rxh7 Ke5 41. Kxb5 Kxf5 42. b4 Kg6 43. Rh3 f5 44. Kc4 Ne5+ 45. Kd5 Kf6
46. Rh6+ Ng6 47. Nd7+ Kg7 48. Rxg6+ Kxg6 49. Ne5+ Kf6 50. b5 Ke7 51. Kc6 Kd8
52. b6 Kc8 53. b7+ Kb8 54. Nd7+ Ka7 55. b8=Q+ Ka6 56. Qb6# 1-0

[Event "DFMM-LV"]
[Site "Braunfels"]
[Date "2013.05.30"]
[Round "1.1"]
[White "Steinbacher, Claudia"]
[Black "Vovk, Oksana"]
[Result "1-0"]
[WhiteElo "2125"]
[BlackElo "2133"]
[PlyCount "117"]
[EventDate "2013.05.30"]
[EventType "team-swiss"]
[EventCountry "GER"]
[WhiteTeam "Sachsen"]
[BlackTeam "Nordrhein Westfalen"]
[WhiteTeamCountry "GER"]
[BlackTeamCountry "GER"]

1. d4 Nf6 2. c4 e6 3. Nf3 Bb4+ 4. Bd2 Qe7 5. Nc3 Bxc3 6. Bxc3 Ne4 7. Qc2 d5 8.
e3 Nd7 9. Bd3 Nxc3 10. Qxc3 Nf6 11. O-O O-O 12. Rac1 c6 13. Qb3 Ne4 14. Rfd1 f5
15. Ne5 Rf6 16. f3 Ng5 17. f4 Ne4 18. Bxe4 fxe4 19. c5 Rh6 20. Rd2 Qc7 21. Rf1
Bd7 22. Rdf2 Rf6 23. Qa4 Rff8 24. Qd1 Rf6 25. g4 Raf8 26. g5 Rf5 27. Rg2 Be8
28. Rg3 Qd8 29. Kh1 Bg6 30. Rfg1 Qe8 31. Rh3 Qd8 32. Qa4 Qb8 33. Nd7 Qc8 34.
Nxf8 Rxf8 35. Rhg3 Bh5 36. Rf1 Qb8 37. Kg1 Rf5 38. b4 Be2 39. Rf2 Bb5 40. Qd1
Qe8 41. Rfg2 Bd3 42. Rh3 a6 43. Rg4 g6 44. Rh6 Qf8 45. Rgh4 Rf7 46. Qg4 Qe7 47.
Rh3 Rg7 48. Rg3 Qf7 49. h4 Qf5 50. Kf2 Bc4 51. a3 Bd3 52. h5 Bc2 53. Ke1 Bd3
54. Qh4 Qf7 55. Rh3 e5 56. hxg6 Rxg6 57. Rxh7 Qf5 58. Rh8+ Kf7 59. Qh7+ 1-0

[Event "DFMM-LV"]
[Site "Braunfels"]
[Date "2013.05.30"]
[Round "1.2"]
[White "Zhang, Fan"]
[Black "Daemering, Katrin"]
[Result "1-0"]
[WhiteElo "2089"]
[BlackElo "2043"]
[PlyCount "105"]
[EventDate "2013.05.30"]
[EventType "team-swiss"]
[EventCountry "GER"]
[WhiteTeam "Nordrhein Westfalen"]
[BlackTeam "Sachsen"]
[WhiteTeamCountry "GER"]
[BlackTeamCountry "GER"]

1. d4 Nf6 2. Nf3 d6 3. Bf4 g6 4. e3 Bg7 5. h3 O-O 6. Be2 c5 7. c3 cxd4 8. exd4
Qb6 9. Qb3 Qxb3 10. axb3 Nc6 11. Nbd2 Bf5 12. O-O e5 13. dxe5 Nd5 14. Bg5 dxe5
15. Bc4 Nc7 16. Rfe1 Be6 17. b4 Bxc4 18. Nxc4 f6 19. Be3 Rfd8 20. Red1 b6 21.
Kf1 Bf8 22. Ke2 Kf7 23. Ne1 Rxd1 24. Rxd1 Rd8 25. Ra1 Rd7 26. f3 Nd5 27. Bd2
Ke6 28. Nd3 Bg7 29. Ne3 Nce7 30. Nxd5 Kxd5 31. b3 f5 32. c4+ Ke6 33. Bc3 f4 34.
Nxf4+ exf4 35. Bxg7 Nf5 36. Bc3 Ng3+ 37. Kf2 Rd3 38. Re1+ Kd7 39. Be5 Rxb3 40.
Bxf4 Nh5 41. Be5 g5 42. b5 Nf4 43. Bxf4 gxf4 44. Re4 Rb2+ 45. Kf1 Kd6 46. Rxf4
Kc5 47. h4 Rc2 48. g4 Kd6 49. Re4 Rh2 50. g5 Kd7 51. Kg1 Rd2 52. h5 Rd6 53. Kg2
1-0

[Event "DFMM-LV"]
[Site "Braunfels"]
[Date "2013.05.30"]
[Round "1.3"]
[White "Nagel, Verena"]
[Black "Rudolph, Anna"]
[Result "1/2-1/2"]
[WhiteElo "2013"]
[BlackElo "2250"]
[PlyCount "82"]
[EventDate "2013.05.30"]
[EventType "team-swiss"]
[EventCountry "GER"]
[WhiteTeam "Sachsen"]
[BlackTeam "Nordrhein Westfalen"]
[WhiteTeamCountry "GER"]
[BlackTeamCountry "GER"]

1. d4 Nf6 2. Nf3 g6 3. e3 Bg7 4. Bc4 O-O 5. Nbd2 b6 6. O-O Bb7 7. Re1 c5 8. c3
e6 9. Bd3 d6 10. Nf1 Nbd7 11. Ng3 Rc8 12. Qe2 Qc7 13. Ba6 Bxa6 14. Qxa6 Qb8 15.
Bd2 d5 16. Qa4 Qb7 17. Re2 Ne4 18. Nxe4 dxe4 19. Ng5 Rfd8 20. f4 exf3 21. Nxf3
e5 22. Rf1 h6 23. Ref2 Rf8 24. dxe5 Nxe5 25. Nxe5 Bxe5 26. Qh4 Bg7 27. e4 Rce8
28. Bxh6 Bxh6 29. Qxh6 Qxe4 30. Rf3 Qe5 31. Rh3 Qg7 32. Qd2 Qe5 33. Rg3 Re7 34.
Rgf3 Kg7 35. Qf2 Kg8 36. Kh1 Kg7 37. Rf6 Qe4 38. Rf4 Qe3 39. Qh4 Qe5 40. Qg3
Qe6 41. c4 Qe3 1/2-1/2

[Event "DFMM-LV"]
[Site "Braunfels"]
[Date "2013.05.30"]
[Round "1.4"]
[White "Freitag, Julia"]
[Black "Just, Anita"]
[Result "0-1"]
[WhiteElo "2144"]
[BlackElo "1988"]
[PlyCount "136"]
[EventDate "2013.05.30"]
[EventType "team-swiss"]
[EventCountry "GER"]
[WhiteTeam "Nordrhein Westfalen"]
[BlackTeam "Sachsen"]
[WhiteTeamCountry "GER"]
[BlackTeamCountry "GER"]

1. d4 e6 2. e3 d5 3. f4 Nf6 4. Bd3 c5 5. c3 Nc6 6. Nf3 Bd7 7. O-O cxd4 8. exd4
Bd6 9. Ne5 O-O 10. Nd2 Rc8 11. Qf3 Ne8 12. Qh3 f5 13. g4 Bxe5 14. dxe5 d4 15.
gxf5 Rxf5 16. Bxf5 exf5 17. c4 Nb4 18. Qb3 Qh4 19. Qg3 Qe7 20. b3 Rc6 21. Qf2
Nc2 22. Rb1 Ne3 23. Kh1 Nxf1 24. Nxf1 Rg6 25. Ng3 Bc6+ 26. Kg1 Qh4 27. Bb2 Qh3
28. Bxd4 h5 29. b4 h4 30. Rb3 hxg3 31. Rxg3 Rxg3+ 32. Qxg3 Qxg3+ 33. hxg3 a6
34. Bb6 Kf7 35. Kf2 Ke6 36. Ke3 g6 37. Kd3 Ng7 38. Ke3 Kd7 39. Kd3 Ne6 40. Be3
Ba4 41. Kc3 Kc6 42. Kd3 Nc7 43. Bf2 Bd1 44. Kd2 Bf3 45. a4 b5 46. cxb5+ axb5
47. a5 Na6 48. Kc3 Kd5 49. Bb6 Be2 50. Bd8 Bc4 51. Be7 Ke4 52. Bd8 Kf3 53. Bh4
Kg4 54. Kd4 Nxb4 55. Kc5 Na6+ 56. Kd6 b4 57. e6 b3 58. Bf6 Kxg3 59. Be5 b2 60.
Bxb2 Kxf4 61. e7 Bf7 62. Kd7 Ke4 63. e8=Q+ Bxe8+ 64. Kxe8 g5 65. Kd7 g4 66. Bf6
g3 67. Bd8 f4 68. Bb6 f3 0-1

[Event "DFMM-LV"]
[Site "Braunfels"]
[Date "2013.05.30"]
[Round "1.5"]
[White "Nobis, Martina"]
[Black "Henrichs, Wenke"]
[Result "0-1"]
[WhiteElo "1881"]
[BlackElo "2047"]
[PlyCount "72"]
[EventDate "2013.05.30"]
[EventType "team-swiss"]
[EventCountry "GER"]
[WhiteTeam "Sachsen"]
[BlackTeam "Nordrhein Westfalen"]
[WhiteTeamCountry "GER"]
[BlackTeamCountry "GER"]

1. e4 e6 2. d4 d5 3. Nc3 Nf6 4. e5 Nfd7 5. Nf3 c5 6. Be2 Nc6 7. Bf4 cxd4 8. Nb5
Bb4+ 9. Kf1 O-O 10. Nbxd4 Bc5 11. c3 Qe7 12. Bd3 f6 13. exf6 Nxf6 14. Bg5 e5
15. Nxc6 bxc6 16. Be2 Bg4 17. h3 Bxf3 18. gxf3 Qe6 19. Bh4 Nh5 20. Bg3 Nf4 21.
Bxf4 Rxf4 22. Rh2 Raf8 23. Rc1 e4 24. b4 Bb6 25. a4 exf3 26. Bd3 Rh4 27. Qc2 g6
28. Re1 Qd6 29. Rh1 Kg7 30. a5 Bd8 31. Rd1 Qd7 32. Be4 Rxh3 33. Rxh3 Qxh3+ 34.
Ke1 dxe4 35. Qxe4 Bg5 36. Qd4+ Kh6 0-1

[Event "DFMM-LV"]
[Site "Braunfels"]
[Date "2013.05.30"]
[Round "1.6"]
[White "Vogel, Heike"]
[Black "Neumeyer, Hannelore"]
[Result "1-0"]
[WhiteElo "2126"]
[BlackElo "1987"]
[PlyCount "67"]
[EventDate "2013.05.30"]
[EventType "team-swiss"]
[EventCountry "GER"]
[WhiteTeam "Nordrhein Westfalen"]
[BlackTeam "Sachsen"]
[WhiteTeamCountry "GER"]
[BlackTeamCountry "GER"]

1. d4 Nf6 2. Bg5 g6 3. Nc3 Bg7 4. e4 d6 5. Bc4 Nbd7 6. f4 O-O 7. e5 Nb6 8. Bb3
dxe5 9. dxe5 Qxd1+ 10. Rxd1 Ng4 11. Bxe7 Re8 12. Rd8 Bd7 13. Rxa8 Nxa8 14. Ba3
Bh6 15. Nge2 a5 16. h3 Ne3 17. Kf2 b5 18. Ne4 Bg7 19. Kxe3 b4 20. Ng5 Re7 21.
Rd1 Nb6 22. Bxb4 axb4 23. Rd4 c5 24. Rd6 c4 25. Rxb6 cxb3 26. Rb8+ Be8 27. axb3
f6 28. Nf3 fxe5 29. Nxe5 g5 30. g3 gxf4+ 31. gxf4 Bh6 32. Kd4 Kg7 33. Rxb4 Bh5
34. Ng3 1-0

[Event "DFMM-LV"]
[Site "Braunfels"]
[Date "2013.05.30"]
[Round "1.7"]
[White "von Keyserlingk, Chanda"]
[Black "Limbourg, Marina"]
[Result "0-1"]
[WhiteElo "1734"]
[BlackElo "1967"]
[PlyCount "50"]
[EventDate "2013.05.30"]
[EventType "team-swiss"]
[EventCountry "GER"]
[WhiteTeam "Sachsen"]
[BlackTeam "Nordrhein Westfalen"]
[WhiteTeamCountry "GER"]
[BlackTeamCountry "GER"]

1. d4 Nf6 2. c4 g6 3. f3 d5 4. cxd5 Nxd5 5. e4 Nb6 6. Nc3 Bg7 7. Be3 O-O 8. Qd2
Nc6 9. O-O-O a5 10. Kb1 f5 11. g3 e5 12. d5 Nd4 13. f4 fxe4 14. fxe5 Nf5 15.
Bc5 Re8 16. e6 Bxc3 17. Qxc3 Nxd5 18. Qc2 Bxe6 19. Bc4 c6 20. Nh3 Qf6 21. Rhf1
b6 22. Bd4 Nxd4 23. Rxf6 Nxc2 24. Rxe6 Rxe6 25. Kxc2 Ne3+ 0-1

[Event "DFMM-LV"]
[Site "Braunfels"]
[Date "2013.05.30"]
[Round "1.8"]
[White "Roitburd, Swetlana"]
[Black "Boehme Ziska, Christine"]
[Result "1/2-1/2"]
[WhiteElo "1765"]
[BlackElo "1751"]
[PlyCount "45"]
[EventDate "2013.05.30"]
[EventType "team-swiss"]
[EventCountry "GER"]
[WhiteTeam "Nordrhein Westfalen"]
[BlackTeam "Sachsen"]
[WhiteTeamCountry "GER"]
[BlackTeamCountry "GER"]

1. e4 c5 2. Nf3 e6 3. d4 cxd4 4. Nxd4 a6 5. Be2 Nf6 6. Nc3 Qc7 7. O-O Bb4 8.
Qd3 O-O 9. Bg5 Be7 10. f4 d6 11. Kh1 Nc6 12. Nf3 b5 13. Rad1 Rd8 14. Qd2 b4 15.
Bxf6 Bxf6 16. Na4 Bb7 17. Qe3 Rab8 18. b3 Bc8 19. Bc4 Na5 20. Bd3 Nc6 21. Bc4
Na5 22. Bd3 Nc6 23. Bc4 1/2-1/2